كتاب الحساب / (رقم التسجيلة. 35346)

تفاصيل مارك
000 -LEADER
fixed length control field 00594nam a22001937a 4500
005 - DATE AND TIME OF LATEST TRANSACTION
control field 20251108165934.0
008 - FIXED-LENGTH DATA ELEMENTS--GENERAL INFORMATION
fixed length control field 250721s1999 xx 000 0 ara d
082 14 - DEWEY DECIMAL CLASSIFICATION NUMBER
Classification number ط/372.7/داهـ
100 1# - MAIN ENTRY--PERSONAL NAME
Personal name داهلباك، هلين
Relator term مؤلف
245 10 - TITLE STATEMENT
Title كتاب الحساب /
264 1# - PRODUCTION, PUBLICATION, DISTRIBUTION, MANUFACTURE, AND COPYRIGHT NOTICE
Place of production, publication, distribution, manufacture ستوكهولم :
Name of producer, publisher, distributor, manufacturer دار المنير،
Date of production, publication, distribution, manufacture, or copyright notice 1999.
300 ## - PHYSICAL DESCRIPTION
Extent 26ص.
490 0# - SERIES STATEMENT
Series statement هذا كتابي
650 17 - SUBJECT ADDED ENTRY--TOPICAL TERM
Topical term or geographic name as entry element الحساب
653 ## - INDEX TERM--UNCONTROLLED
Uncontrolled term اطفال ما قبل المدرسة (0-5) سنوات
700 1# - ADDED ENTRY--PERSONAL NAME
Personal name محمد الظاهر، شارلوت راول
942 ## - ADDED ENTRY ELEMENTS (KOHA)
Source of classification or shelving scheme Dewey Decimal Classification
Koha item type كتب
المقتنيات
حالة السحب حالة الفقدان مصدر التصنيف حالة التلف غير قابل للإعارة المكتبة الرئيسية المكتبة الحالية موقع الرف تاريخ التزويد الرقم المتسلسل Total Checkouts رقم الإستدعاء الباركود تاريخ آخر ظهور تاريخ الفاتورة نوع المادة (كوها)
    Dewey Decimal Classification Unchecked   مكتبة الجويدة مكتبة الجويدة الأطفال 06/07/2004 346458   ط/372.7/داهـ   28/07/2025 06/07/2004 كتب
    Dewey Decimal Classification     مكتبة الراية الهاشمية للأطفال مكتبة الراية الهاشمية للأطفال الأطفال 06/07/2004 346471   ط/372.7/داهـ 346471 28/07/2025 06/07/2004 كتب
    Dewey Decimal Classification Unchecked   مكتبة النصر العامة مكتبة النصر العامة الأطفال 06/07/2004 346475   ط/372.7/داهـ   28/07/2025 06/07/2004 كتب
    Dewey Decimal Classification     مكتبة بدر الجديدة للأطفال مكتبة بدر الجديدة للأطفال الأطفال 05/07/2015 346453   ط/372.7/داهـ PLD00336907 28/07/2025 05/07/2015 كتب
    Dewey Decimal Classification     مكتبة بدر للأطفال مكتبة بدر للأطفال الأطفال 21/08/2022 346468   ط/372.7/داهـ PLD00499797 28/07/2025 21/08/2022 كتب
    Dewey Decimal Classification     مكتبة صويلح العامة مكتبة صويلح العامة الأطفال 06/07/2004 346455   ط/372.7/داهـ 346455 28/07/2025 06/07/2004 كتب
    Dewey Decimal Classification Unchecked   مكتبةمؤتة مكتبةمؤتة الأطفال 06/07/2004 346472   ط/372.7/داهـ   28/07/2025 06/07/2004 كتب
Implemented & Customized by: BBB with SCIT (Smart Chains for Information Technology)

Powered by Koha